000 00794cam a22002414a 4500
001 11798206
005 20180307065934.0
008 990928s1999 maua b 001 0 eng
010 _a 99049970
020 _z0201615770 (alk. paper)
040 _aDLC
_cDLC
_dDLC
041 _aeng
042 _apcc
080 _a005.72 CON
082 0 0 _a005.72 CON
_221
100 1 _a28
101 _aSHK
245 1 0 _aBuilding Web applications with UML /
_cJim Conallen.
504 _aIncludes bibliographical references and index.
906 _a7
_bcbc
_corignew
_d1
_eocip
_f19
_gy-gencatlg
942 _2ddc
_cBK
999 _c44284
_d44284